| 000 | 00948nam a2200241 a 4500 | ||
|---|---|---|---|
| 003 | CBULib | ||
| 005 | 20240604091734.0 | ||
| 008 | 120116s2011 ||||||||||||||||| || u | ||
| 020 | _a9789211170535 | ||
| 040 |
_aCBULib _bEnglish _cCBULib _dCBULib _erda |
||
| 050 | _aUNECE(02)2011/15 | ||
| 110 | _aUnited Nations Economic Commission for Europe (UNECE) | ||
| 245 | 1 | 0 |
_aIntellectual property commercialization: policy options and practical instruments _c/by United Nations Economic Commission for Europe |
| 260 |
_aGeneva: _bUnited Nations Economic Commission for Europe (UNECE) _c2011 |
||
| 300 | _aix, 114pages.: illustration | ||
| 336 |
_2rdacontent _aText | _btxt |
||
| 337 |
_2rdamedia _aUnmediated | _bn |
||
| 338 |
_2rdacarrier _aVolume _bnc |
||
| 650 | 0 |
_aINTELLECTUAL PROPERTY RIGHTS _92955 |
|
| 650 | 0 |
_aINTELECTUAL PROPERTY-ECONOMIC ASPECTS-EUROPE _92957 |
|
| 942 |
_2mc _c023 |
||
| 999 |
_c47176 _d47176 |
||